Central Library OPAC University of Rajshahi

Handbook of minimum wages legislation. (Record no. 43670)

MARC details
000 -LEADER
fixed length control field 00933nam a2200265 a 4500
001 - CONTROL NUMBER
control field 43670
003 - CONTROL NUMBER IDENTIFIER
rucl marc code BD-RjUL
005 - DATE AND TIME OF LATEST TRANSACTION
control field 20211209053731.0
008 - FIXED-LENGTH DATA ELEMENTS--GENERAL INFORMATION
fixed length control field 160626s1964 pk a f000 0 eng
035 ## - SYSTEM CONTROL NUMBER
System control number (BD-RjUL)43788
System control number (OCoLC)6629073
040 ## - CATALOGING SOURCE
Original cataloging agency DLC
Transcribing agency NIC
Modifying agency DLC
Language of cataloging eng
041 ## - LANGUAGE CODE
Language code of text/sound track or separate title eng
082 ## - DEWEY DECIMAL CLASSIFICATION NUMBER
Classification number 344.54910121
Author mark and year HAN 1964
245 10 - TITLE STATEMENT
Title Handbook of minimum wages legislation.
Statement of responsibility, etc. Edited by M. Shafi.
260 ## - PUBLICATION, DISTRIBUTION, ETC. (IMPRINT)
Place of publication, distribution, etc. Karachi :
Name of publisher, distributor, etc. Bureau of Labour Publications,
Date of publication, distribution, etc. 1964.
300 ## - PHYSICAL DESCRIPTION
Pagination 56 p. :
Illustrations ill. ;
Size 25 cm.
500 ## - GENERAL NOTE
General note Containing Minimum wages ordinance, Minimum wages rules of East & West Pakistan, Minimum rates of wages fixed in East & West Pakistan.
650 #0 - SUBJECT ADDED ENTRY--TOPICAL TERM
Topical term or geographic name as entry element Minimum wage
Geographic subdivision Pakistan.
9 (RLIN) 133471
Topical term or geographic name as entry element Minimum wage
General subdivision Law and legislation
Geographic subdivision Pakistan.
9 (RLIN) 134271
700 1# - ADDED ENTRY--PERSONAL NAME
Personal name Shafi, Mohammad,
Dates associated with a name 1900-1992,
Relator term ed.
710 ## - ADDED ENTRY--CORPORATE NAME
Corporate name or jurisdiction name as entry element Pakistan
9 (RLIN) 134272
942 ## - ADDED ENTRY ELEMENTS (KOHA)
Source of classification or shelving scheme Dewey Decimal Classification
Koha item type Books
Holdings
Lost status Source of classification or shelving scheme Damaged status Not for loan Collection code Permanent Location Current Location Shelving location Date acquired Source of acquisition Cost, normal purchase price Total Checkouts Full call number Date last seen Copy number Koha item type
  Dewey Decimal Classification     Non-fiction Central Library, University of Rajshahi Central Library, University of Rajshahi   23/05/1967 Pak-American Councile 6.00   344.54910121 HAN 1964 26/06/2016 C-2 Books